| 000 | 00893nam a22002415a 4500 | ||
|---|---|---|---|
| 003 | OSt | ||
| 005 | 20170313111058.0 | ||
| 008 | 160922s2009 ua frb 000 0 ara d | ||
| 015 | _22009 / 10892 | ||
| 020 | _z978978450 | ||
| 040 |
_aEG-ScBUE _bara _cEG-ScBUE _dEG-ScBUE |
||
| 082 | 0 | 4 |
_a344.046 _bش ي و _222 |
| 100 | 1 | _aشيوي، عبد السلام منصور. | |
| 245 | 1 | 2 |
_aالحماية الدولية للبيئة البرية من التلوث / _cعبد السلام منصور الشيوي. |
| 260 |
_aالقاهرة : _bدار النهضه العربية، _c2009. |
||
| 300 |
_a106 ص. ؛ _c24 سم. |
||
| 504 | _aيشتمل على إرجاعات ببليوجرافية. | ||
| 650 | 7 |
_aحماية البيئة (قانون دولي) _2BUEsh |
|
| 650 | 7 |
_aتلوث البيئة (قانون دولي) _2BUEsh |
|
| 651 | _2BUEsh | ||
| 653 |
_bLLAAWW _cMarch2017 |
||
| 942 | _2ddc | ||
| 999 |
_c24387 _d24359 |
||